000 00903nam a2200241 a 4500
001 BRCA_1190
005 20190320203325.0
008 910108s1986 mx-a---##b---#000-0#spa-#
020 _a9687108185
040 _aDLC
_cDLC
_dDLC
050 4 _aNA7515.M4
_b.R36 1986
100 1 _aRangel, Magdalena E. de
_92398
245 1 0 _aLa Casa de los Azulejos
_breseña histórica del palacio de los condes del Valle de Orizaba
_cMagdalena Escobosa de Rangel ; fotografías de Sebastián Saldívar.
250 _a2
260 _a[México]
_bSan Ángel Ediciones
_c1986
300 _a131 p.
_bil. (algunas a color)
_c31 cm.
504 _aBibliografía: p. 117-126
610 2 4 _aCasa de los Azulejos (México)
_93921
650 1 4 _aDecoración y ornamentación arquitectónica
_zMéxico
_93922
650 1 4 _aAzulejos
_zMéxico
_93923
651 4 _aMéxico (Ciudad)
_xEdificios, estructuras, etc.
_93924
942 _2lcc
_cB
999 _c1065
_d1065